Statistiques concernant Unités de base du Système International et ses dérivés

Cliquez ici pour prendre le quiz!

Statistiques générales

  • Ce quiz a été pris 90 fois
  • Le résultat moyen est 15 sur 22

Statistiques - réponses

GrandeurRéponse% Correct
Longueurmètre (m)
100%
Tempsseconde (s)
100%
Courant électriqueAmpère (A)
89%
Massekilogramme (kg)
89%
FréquenceHertz (Hz)
86%
TempératureKelvin (K)
86%
EnergieJoule (J)
85%
Résistance électriqueOhm (Ω)
83%
Quantité de matièremole (mol)
81%
PuissanceWatt (W)
79%
PressionPascal (Pa)
79%
ForceNewton (N)
75%
Potentiel électriqueVolt (V)
71%
Angle planradian (rad)
57%
Eclairement lumineuxlux (lx)
56%
Flux lumineuxlumen (lm)
56%
Champ magnétiqueTesla (T)
50%
Intensité lumineusecandela (cd)
46%
Charge électriqueCoulomb (C)
44%
Capacité électriqueFarad (F)
40%
Activité radioactiveBecquerel (Bq)
40%
Conductance électriqueSiemens (S)
29%

Distribution des résultats

Percentile par nombre de réponses

% des personnes avec chaque résultat

Votre développement - résultats

Vous n’avez pas pris ce quiz